[Event "Regionalliga NO 1011"]
[Site "Bayern"]
[Date "2011.02.27"]
[Round "7.4"]
[White "Baur, Stephan"]
[Black "Braginsky, Alexej"]
[Result "1/2-1/2"]
[WhiteElo "1875"]
[BlackElo "2084"]
[PlyCount "54"]
[EventDate "2010.10.10"]
[EventType "team-tourn"]
[EventRounds "9"]
[EventCountry "GER"]
[SourceTitle "EXT 2012"]
[Source "ChessBase"]
[SourceDate "2011.11.24"]
[SourceVersion "1"]
[SourceVersionDate "2011.11.24"]
[SourceQuality "1"]
[WhiteTeam "Kelheim II"]
[BlackTeam "Fuerth"]
[WhiteTeamCountry "GER"]
[BlackTeamCountry "GER"]

1. d4 Nf6 2. c4 g6 3. g3 c6 4. Bg2 d5 5. Nc3 Bg7 6. Nf3 0-0 7. 0-0 dxc4 8. Ne5 Be6 9. e4 Nbd7 10. Nxd7 Qxd7 11. Re1 Rfd8 12. e5 Nd5 13. Ne4 b6 14. Qe2 Rac8 15. Ng5 c5 16. dxc5 Rxc5 17. Bd2 c3 18. bxc3 Nxc3 19. Bxc3 Rxc3 20. Rad1 Rd3 21. Rxd3 Qxd3 22. Qxd3 Rxd3 23. Nxe6 fxe6 24. Bh3 Kf7 25. Re4 g5 26. Bg4 Rd2 27. a4 Bh6 1/2-1/2

[Event "Regionalliga NO 1011"]
[Site "Bayern"]
[Date "2010.11.14"]
[Round "3.6"]
[White "Boese, Klaus"]
[Black "Braginsky, Alexej"]
[Result "1/2-1/2"]
[WhiteElo "1961"]
[BlackElo "2084"]
[PlyCount "97"]
[EventDate "2010.10.10"]
[EventType "team-tourn"]
[EventRounds "9"]
[EventCountry "GER"]
[SourceTitle "EXT 2012"]
[Source "ChessBase"]
[SourceDate "2011.11.24"]
[SourceVersion "1"]
[SourceVersionDate "2011.11.24"]
[SourceQuality "1"]
[WhiteTeam "Bechhofen"]
[BlackTeam "Fuerth"]
[WhiteTeamCountry "GER"]
[BlackTeamCountry "GER"]

1. d4 Nf6 2. Nf3 g6 3. g3 Bg7 4. Bg2 0-0 5. 0-0 d5 6. b3 Ne4 7. Bb2 c5 8. c3 Nc6 9. Nbd2 f5 10. Qc2 b6 11. Rad1 Ba6 12. Nxe4 fxe4 13. Ng5 Qd6 14. dxc5 Qe5 15. Qd2 Bxe2 16. Qxe2 Qxg5 17. Qd2 Qxd2 18. Rxd2 e6 19. cxb6 axb6 20. a4 Na5 21. Ba3 Rfc8 22. Rb1 Rxc3 23. Bb4 Rxb3 24. Rxb3 Nxb3 25. Ra2 Rc8 26. Bf1 Rc1 27. Kg2 Bf8 28. Rb2 Bxb4 29. Rxb3 Bc5 30. Rb2 Ra1 31. Bb5 Kg7 32. Re2 Ra3 33. h3 Kf6 34. Bd7 Ke5 35. f4+ Kd6 36. Bb5 Rb3 37. h4 h5 38. Be8 d4 39. Rxe4 d3 40. Bxg6 d2 41. Bxh5 Rb1 42. Bg4 d1Q 43. Bxd1 Rxd1 44. h5 Rd4 45. Kf3 Rd3+ 46. Kg2 Rd4 47. Kf3 Rd3+ 48. Kg2 Rd4 49. Kf3 1/2-1/2

[Event "Regionalliga NO 0910"]
[Site "Bayern"]
[Date "2009.10.18"]
[Round "1.6"]
[White "Braginsky, Alexej"]
[Black "Werner, Claus"]
[Result "1/2-1/2"]
[WhiteElo "2084"]
[BlackElo "2183"]
[PlyCount "119"]
[EventDate "2009.10.18"]
[EventType "team-tourn"]
[EventRounds "9"]
[EventCountry "GER"]
[SourceTitle "EXT 2011"]
[Source "ChessBase"]
[SourceDate "2010.11.26"]
[SourceVersion "1"]
[SourceVersionDate "2010.11.26"]
[SourceQuality "1"]
[WhiteTeam "Fuerth"]
[BlackTeam "Neutraubling"]
[WhiteTeamCountry "GER"]
[BlackTeamCountry "GER"]

1. e4 c5 2. Nf3 e6 3. d4 cxd4 4. Nxd4 Nf6 5. Nc3 Nc6 6. Bg5 Bb4 7. Ndb5 Qa5 8. Bxf6 gxf6 9. a3 Bxc3+ 10. Nxc3 a6 11. Be2 Rg8 12. 0-0 Qc5 13. Re1 b5 14. Bf1 Ne5 15. Re3 Bb7 16. Qe1 Rg6 17. Kh1 Ng4 18. Rf3 f5 19. h3 fxe4 20. Nxe4 Qe5 21. Nf6+ Rxf6 22. Qxe5 Nxe5 23. Rxf6 Ng6 24. Re1 Kf8 25. Bd3 Kg7 26. Bxg6 Kxf6 27. Bxh7 Rh8 28. Be4 d5 29. Bf3 e5 30. Kh2 e4 31. Bd1 d4 32. g4 Kg5 33. Kg3 f6 34. Be2 f5 35. gxf5 Bc8 36. Bg4 Bxf5 37. Rd1 Rd8 38. h4+ Kf6 39. Kf4 Bxg4 40. Kxg4 Ke5 41. f4+ Kd5 42. h5 Rg8+ 43. Kf5 Rg2 44. Rh1 Rxc2 45. h6 Rc8 46. h7 Rh8 47. Kg6 e3 48. f5 e2 49. Kg7 Rxh7+ 50. Kxh7 d3 51. f6 d2 52. f7 e1Q 53. Rxe1 dxe1Q 54. f8Q Qe4+ 55. Kh6 Qh4+ 56. Kg6 Qg3+ 57. Kh5 Qe5+ 58. Kg4 Qxb2 59. Qf7+ Kc5 60. Qc7+ 1/2-1/2

[Event "Landesliga Nord 0102"]
[Site "Bayern"]
[Date "2001.11.11"]
[Round "2.3"]
[White "Kraft, Wolfgang"]
[Black "Braginsky, Alexej"]
[Result "0-1"]
[WhiteElo "2195"]
[BlackElo "2100"]
[PlyCount "76"]
[EventDate "2001.10.07"]
[EventType "team"]
[EventRounds "9"]
[EventCountry "GER"]
[SourceTitle "EXT 2003"]
[Source "ChessBase"]
[SourceDate "2002.11.25"]
[SourceVersion "1"]
[SourceVersionDate "2002.11.25"]
[SourceQuality "1"]
[WhiteTeam "Dettingen"]
[BlackTeam "Fuerth"]
[WhiteTeamCountry "GER"]
[BlackTeamCountry "GER"]

1. e4 c5 2. c3 e5 3. Nf3 Nc6 4. Bc4 Qc7 5. 0-0 Nf6 6. Ng5 Nd8 7. f4 h6 8. Nf3 exf4 9. e5 Nh5 10. Qe2 Be7 11. d4 0-0 12. Qe4 cxd4 13. Bd3 g6 14. cxd4 d6 15. Nc3 Bf5 16. Qe2 Bxd3 17. Qxd3 Nc6 18. e6 Kh7 19. Nd5 Qc8 20. Bxf4 Qxe6 21. Bxh6 Qxd5 22. Bxf8 Rxf8 23. Rae1 Nf4 24. Qd2 Ne6 25. Kh1 Bf6 26. b3 Kg7 27. Qf2 Ncxd4 28. Rd1 Qc5 29. Rc1 Qh5 30. Rc4 Nxf3 31. Qxf3 Qxf3 32. Rxf3 d5 33. Rb4 b6 34. Rd3 d4 35. Rc4 Rd8 36. b4 Nf4 37. Rd1 Ne2 38. g3 d3 0-1

[Event "Landesliga Nord 0102"]
[Site "Bayern"]
[Date "2001.10.07"]
[Round "1.3"]
[White "Braginsky, Alexej"]
[Black "Magyar, Otto"]
[Result "1-0"]
[WhiteElo "2100"]
[BlackElo "2350"]
[PlyCount "61"]
[EventDate "2001.10.07"]
[EventType "team"]
[EventRounds "9"]
[EventCountry "GER"]
[SourceTitle "EXT 2003"]
[Source "ChessBase"]
[SourceDate "2002.11.25"]
[SourceVersion "1"]
[SourceVersionDate "2002.11.25"]
[SourceQuality "1"]
[WhiteTeam "Fuerth"]
[BlackTeam "Koetzting"]
[WhiteTeamCountry "GER"]
[BlackTeamCountry "GER"]

1. e4 c6 2. d4 d5 3. e5 Bf5 4. h4 h5 5. c4 e6 6. Nc3 a6 7. Bg5 Be7 8. Qd2 b5 9. cxd5 cxd5 10. Rc1 Nd7 11. Nge2 Nb6 12. Ng3 Bg6 13. b3 Qd7 14. Bd3 Ba3 15. Rd1 Bxd3 16. Qxd3 Rc8 17. 0-0 Be7 18. Rc1 Qb7 19. Nxb5 f6 20. exf6 gxf6 21. Bf4 Kf7 22. Nc7 Ba3 23. Qe2 Bxc1 24. Qxe6+ Kg6 25. Rxc1 Rh7 26. Qf5+ Kg7 27. Nxh5+ Kh8 28. Nxf6 Nxf6 29. Qxf6+ Kg8 30. Qe6+ Rf7 31. Rc3 1-0

[Event "Pyramiden Franken Cup 4th"]
[Site "Fuerth"]
[Date "2001.08.24"]
[Round "7"]
[White "Lutz, Oliver"]
[Black "Braginsky, Alexej"]
[Result "0-1"]
[WhiteElo "1978"]
[BlackElo "2210"]
[PlyCount "63"]
[EventDate "2001.08.18"]
[EventType "swiss"]
[EventRounds "9"]
[EventCountry "GER"]
[SourceTitle "EXT 2010"]
[Source "ChessBase"]
[SourceDate "2010.11.25"]
[SourceVersion "1"]
[SourceVersionDate "2010.11.25"]
[SourceQuality "1"]

1. e4 c5 2. Nf3 d6 3. d4 cxd4 4. Nxd4 Nf6 5. Nc3 g6 6. f3 Bg7 7. Be3 0-0 8. Qd2 Nc6 9. Nb3 Be6 10. 0-0-0 Qc8 11. Kb1 Rd8 12. Nd5 Bxd5 13. exd5 Ne5 14. Qf2 Qd7 15. h3 Rdc8 16. Rd4 b5 17. Nd2 Qb7 18. f4 Ned7 19. Rb4 Nxd5 20. Rxb5 Qc6 21. c4 Nxe3 22. Qxe3 a6 23. Rb4 Rab8 24. Rxb8 Rxb8 25. b3 Qa4 26. Qxe7 Qa3 27. Kc2 Qxa2+ 28. Kd1 Qa1+ 29. Kc2 Nf6 30. Qxd6 Re8 31. Nf3 Qb2+ 32. Kd3 0-1

[Event "Pyramiden Franken Cup 4th"]
[Site "Fuerth"]
[Date "2001.08.23"]
[Round "6"]
[White "Braginsky, Alexej"]
[Black "Suess, Helmut"]
[Result "1-0"]
[WhiteElo "2210"]
[BlackElo "1932"]
[PlyCount "43"]
[EventDate "2001.08.18"]
[EventType "swiss"]
[EventRounds "9"]
[EventCountry "GER"]
[SourceTitle "EXT 2010"]
[Source "ChessBase"]
[SourceDate "2010.11.25"]
[SourceVersion "1"]
[SourceVersionDate "2010.11.25"]
[SourceQuality "1"]

1. e4 c6 2. d4 d5 3. e5 Bf5 4. h4 h5 5. c4 e6 6. Nc3 dxc4 7. Bxc4 Nd7 8. Bg5 Qb6 9. Qd2 Ne7 10. Nge2 Nd5 11. 0-0 Qb4 12. Bd3 Bxd3 13. Qxd3 N7b6 14. Rab1 Be7 15. Ne4 Bxg5 16. Nd6+ Ke7 17. hxg5 Nc8 18. a3 Qb6 19. Ne4 Qd8 20. b4 a6 21. Nc5 Qc7 22. g3 1-0

[Event "Pyramiden Franken Cup 4th"]
[Site "Fuerth"]
[Date "2001.08.21"]
[Round "4"]
[White "Braginsky, Alexej"]
[Black "Hefter, Franz"]
[Result "1-0"]
[WhiteElo "2210"]
[BlackElo "1920"]
[PlyCount "79"]
[EventDate "2001.08.18"]
[EventType "swiss"]
[EventRounds "9"]
[EventCountry "GER"]
[SourceTitle "EXT 2010"]
[Source "ChessBase"]
[SourceDate "2010.11.25"]
[SourceVersion "1"]
[SourceVersionDate "2010.11.25"]
[SourceQuality "1"]

1. e4 c6 2. d4 d5 3. e5 Bf5 4. h4 Qb6 5. a3 c5 6. g4 Bd7 7. dxc5 Qxc5 8. Be3 Qc7 9. f4 e6 10. Nd2 Bc5 11. Rh3 Ne7 12. Ne2 Bxe3 13. Rxe3 h5 14. Nd4 a6 15. gxh5 Nbc6 16. N2b3 Qb6 17. Rg3 g6 18. Nxc6 bxc6 19. hxg6 Nxg6 20. h5 Ne7 21. Qe2 c5 22. Qf2 Rc8 23. Rh3 a5 24. Rb1 a4 25. Nd2 Nf5 26. c3 Bb5 27. b4 Bxf1 28. Qxf1 d4 29. Ne4 Qb7 30. Qf3 Qb8 31. Nf6+ Ke7 32. Qe4 dxc3 33. bxc5 Qa8 34. Rb7+ Kf8 35. Rxc3 Qa5 36. Qb4 Qxb4 37. axb4 Rxc5 38. Rxc5 a3 39. Rcc7 Nd6 40. exd6 1-0

[Event "Pyramiden Franken Cup 4th"]
[Site "Fuerth"]
[Date "2001.08.19"]
[Round "2"]
[White "Carl, Werner"]
[Black "Braginsky, Alexej"]
[Result "1-0"]
[WhiteElo "1909"]
[BlackElo "2210"]
[PlyCount "132"]
[EventDate "2001.08.18"]
[EventType "swiss"]
[EventRounds "9"]
[EventCountry "GER"]
[SourceTitle "EXT 2010"]
[Source "ChessBase"]
[SourceDate "2010.11.25"]
[SourceVersion "1"]
[SourceVersionDate "2010.11.25"]
[SourceQuality "1"]

1. e4 c5 2. c3 e5 3. Nf3 Nc6 4. Bc4 Qc7 5. 0-0 Be7 6. Bb3 Nf6 7. Re1 0-0 8. d3 h6 9. Nbd2 Na5 10. Bc2 b5 11. Nf1 Re8 12. Ng3 Bf8 13. h3 Bb7 14. Nh4 d5 15. Qf3 Re6 16. Nhf5 Rd8 17. Be3 c4 18. Rad1 Bc6 19. Bc1 Qb7 20. Qe2 cxd3 21. Rxd3 Rc8 22. Rdd1 b4 23. Bd3 Rc7 24. exd5 Bxd5 25. Ne4 Nxe4 26. Bxe4 Bxe4 27. Qxe4 Qxe4 28. Rxe4 bxc3 29. bxc3 Rxc3 30. Ra4 Nc6 31. Be3 a5 32. Rd7 Bb4 33. Bd2 Rc4 34. a3 Rf6 35. Ne3 Rd4 36. Rxd4 exd4 37. axb4 dxe3 38. Bxe3 axb4 39. Bc5 Kh7 40. g3 b3 41. Ba3 Rd6 42. Rc4 Rd1+ 43. Kg2 Ne5 44. Rb4 Rb1 45. Rb7 Kg6 46. Bc5 Nd3 47. Ba3 Ne1+ 48. Kh2 Nc2 49. Bc5 Kf6 50. g4 g6 51. Bf8 h5 52. Rb6+ Ke5 53. Bg7+ Ke4 54. gxh5 gxh5 55. Kg2 Ne1+ 56. Kg3 Nd3 57. Kg2 Nf4+ 58. Kh2 f5 59. Rb4+ Kf3 60. Rb5 Nxh3 61. Rxf5+ Kg4 62. Rf8 Ng5 63. Kg2 b2 64. Rb8 h4 65. Rb4+ Ne4 66. Rxe4+ Kf5 1-0

[Event "Landesliga Nord 0001"]
[Site "Bayern"]
[Date "2001.02.18"]
[Round "6"]
[White "Braginsky, Alexej"]
[Black "Heimrath, Wolfgang"]
[Result "0-1"]
[WhiteElo "2025"]
[BlackElo "2175"]
[PlyCount "91"]
[EventDate "2000.10.15"]
[EventType "team-tourn"]
[EventRounds "9"]
[EventCountry "GER"]
[SourceTitle "EXT 2020"]
[Source "ChessBase"]
[SourceDate "2019.10.17"]
[SourceVersion "1"]
[SourceVersionDate "2019.10.17"]
[SourceQuality "1"]
[WhiteTeam "Fuerth SF"]
[BlackTeam "Zirndorf"]
[WhiteTeamCountry "GER"]
[BlackTeamCountry "GER"]

1. e4 c6 2. d4 d5 3. e5 Bf5 4. h4 h5 5. c4 dxc4 6. Bxc4 e6 7. Bg5 Be7 8. Qd2 Nd7 9. Nc3 Nb6 10. Bb3 Qd7 11. Nge2 0-0-0 12. Rd1 Nd5 13. Nxd5 exd5 14. 0-0 Nh6 15. Rfe1 Rdg8 16. Nf4 Qd8 17. Rc1 Kb8 18. Nxh5 Be6 19. Ng3 Nf5 20. Nxf5 Bxf5 21. Qf4 Be6 22. Bd1 Bxg5 23. hxg5 Rh7 24. Bg4 Rgh8 25. f3 Rh4 26. Kf2 Ka8 27. Kg3 a6 28. Qe3 Qd7 29. Bxe6 fxe6 30. Kf2 Qd8 31. Rc2 R8h5 32. f4 Qf8 33. Kg3 Qf5 34. Rc3 Rg4+ 35. Kf2 Rxf4+ 36. Kg1 Rxg5 37. Qh3 Qxh3 38. Rxh3 Rxd4 39. Rh8+ Ka7 40. Re8 Rd2 41. Rxe6 Rdxg2+ 42. Kf1 Rxb2 43. Re8 Rgg2 44. Rf8 Rh2 45. Kg1 Rbg2+ 46. Kf1 0-1

[Event "Landesliga Nord 0001"]
[Site "Bayern"]
[Date "2001.01.28"]
[Round "5"]
[White "Braginsky, Alexej"]
[Black "Krug, Stefan"]
[Result "1-0"]
[WhiteElo "2025"]
[BlackElo "1823"]
[PlyCount "75"]
[EventDate "2000.10.15"]
[EventType "team-tourn"]
[EventRounds "9"]
[EventCountry "GER"]
[SourceTitle "EXT 2020"]
[Source "ChessBase"]
[SourceDate "2019.10.17"]
[SourceVersion "1"]
[SourceVersionDate "2019.10.17"]
[SourceQuality "1"]
[WhiteTeam "Fuerth SF"]
[BlackTeam "Bamberg SC II"]
[WhiteTeamCountry "GER"]
[BlackTeamCountry "GER"]

1. e4 c6 2. d4 d5 3. e5 c5 4. dxc5 Nc6 5. Bb5 e6 6. Be3 Bd7 7. Bxc6 Bxc6 8. Nf3 Qc7 9. Nbd2 Ne7 10. Bd4 Nf5 11. c3 Be7 12. a4 a5 13. 0-0 0-0 14. Re1 Nxd4 15. cxd4 b6 16. cxb6 Qxb6 17. Re3 Rfc8 18. Nf1 Rab8 19. b3 Bb7 20. Ng3 Ba6 21. Nh5 Qd8 22. Ne1 g6 23. Qg4 Kf8 24. Rg3 Ke8 25. Nf4 h5 26. Qf3 Rb4 27. Rd1 Rcb8 28. Nxh5 gxh5 29. Rg7 Kd7 30. Qxh5 Qf8 31. Rxf7 Qe8 32. f4 Rxb3 33. f5 Kc6 34. Qg6 Qd7 35. f6 Qe8 36. fxe7 Bc8 37. Qc2+ Kd7 38. Rf8 1-0

[Event "Landesliga Nord 0001"]
[Site "Bayern"]
[Date "2000.10.15"]
[Round "1"]
[White "Sterk, Joachim"]
[Black "Braginsky, Alexej"]
[Result "1-0"]
[WhiteElo "2010"]
[BlackElo "2090"]
[PlyCount "79"]
[EventDate "2000.10.15"]
[EventType "team-tourn"]
[EventRounds "9"]
[EventCountry "GER"]
[SourceTitle "EXT 2020"]
[Source "ChessBase"]
[SourceDate "2019.10.17"]
[SourceVersion "1"]
[SourceVersionDate "2019.10.17"]
[SourceQuality "1"]
[WhiteTeam "Obernburg"]
[BlackTeam "Fuerth SF"]
[WhiteTeamCountry "GER"]
[BlackTeamCountry "GER"]

1. e4 c5 2. Nf3 d6 3. g3 Nc6 4. Bg2 g6 5. d3 Bg7 6. Nbd2 e6 7. c3 Nge7 8. 0-0 0-0 9. Qc2 b5 10. a4 b4 11. Rb1 Rb8 12. c4 Bd7 13. b3 f5 14. Bb2 e5 15. exf5 gxf5 16. Nh4 Bf6 17. Ndf3 Qe8 18. Rfe1 Rf7 19. Bc1 Nd4 20. Nxd4 cxd4 21. f4 Bxh4 22. gxh4 Rg7 23. fxe5 Bc6 24. Bg5 h6 25. exd6 hxg5 26. Rxe7 Rxe7 27. dxe7 g4 28. Bxc6 Qxc6 29. Qf2 Qd7 30. Re1 Re8 31. Qf4 Rxe7 32. Qg5+ Rg7 33. Qh5 Rf7 34. Qg6+ Kf8 35. Re6 Rg7 36. Qxf5+ Kg8 37. Qe5 Qf7 38. Re8+ Kh7 39. Qe4+ Kh6 40. Rh8+ 1-0

[Event "Mittelfranken-ch HT 49th"]
[Site "Ansbach"]
[Date "2000.??.??"]
[Round "1"]
[White "Braginsky, Alexej"]
[Black "Liepold, Stefan"]
[Result "0-1"]
[WhiteElo "2092"]
[BlackElo "2234"]
[PlyCount "62"]
[EventDate "2000.04.18"]
[EventType "swiss"]
[EventRounds "9"]
[EventCountry "GER"]
[SourceTitle "EXT 2011"]
[Source "ChessBase"]
[SourceDate "2010.11.26"]
[SourceVersion "1"]
[SourceVersionDate "2010.11.26"]
[SourceQuality "1"]

1. e4 e6 2. d4 d5 3. Be3 dxe4 4. Nd2 f5 5. f3 Nc6 6. Bb5 Bd7 7. fxe4 Nxd4 8. Bxd4 Bxb5 9. Bc3 Qh4+ 10. g3 Qh6 11. a4 Bc6 12. Qe2 Nf6 13. Ngf3 Nxe4 14. Nxe4 Bxe4 15. Bd2 Qh5 16. Rf1 0-0-0 17. 0-0-0 Be7 18. Qe3 Bxf3 19. Rxf3 Kb8 20. Rf2 Rd6 21. Re1 Rhd8 22. Rfe2 Rxd2 23. Rxd2 Rxd2 24. Qxd2 Bg5 25. Re3 Bxe3 26. Qxe3 Qh6 27. Qf4 Qxf4+ 28. gxf4 c5 29. Kd2 Kc7 30. Kd3 Kd6 31. Kc4 e5 0-1

[Event "Mittelfranken-ch HT 49th"]
[Site "Ansbach"]
[Date "2000.??.??"]
[Round "4"]
[White "Kaiser, Harald"]
[Black "Braginsky, Alexej"]
[Result "1-0"]
[WhiteElo "1893"]
[BlackElo "2092"]
[PlyCount "127"]
[EventDate "2000.04.18"]
[EventType "swiss"]
[EventRounds "9"]
[EventCountry "GER"]
[SourceTitle "EXT 2011"]
[Source "ChessBase"]
[SourceDate "2010.11.26"]
[SourceVersion "1"]
[SourceVersionDate "2010.11.26"]
[SourceQuality "1"]

1. e4 c5 2. d4 cxd4 3. c3 dxc3 4. Nxc3 Nc6 5. Nf3 d6 6. Bc4 e6 7. 0-0 Be7 8. Qe2 a6 9. Rd1 b5 10. Bb3 Bd7 11. a3 h6 12. h3 Nf6 13. Bf4 e5 14. Bg3 0-0 15. Bh4 Na5 16. Ba2 Be6 17. Bxe6 fxe6 18. Nxe5 Qe8 19. Nf3 Qh5 20. e5 dxe5 21. Qxe5 Qxe5 22. Nxe5 Rfc8 23. Rd3 Rc7 24. Rad1 Rac8 25. Bg3 Bxa3 26. Nxb5 axb5 27. Rxa3 Nc4 28. Rb3 Rc5 29. Nxc4 bxc4 30. Rb7 Rd5 31. Re1 Rc6 32. Be5 Nd7 33. Bc3 e5 34. f4 exf4 35. Re7 Rcd6 36. Rxg7+ Kf8 37. Rg4 Rd1+ 38. Kh2 Rb6 39. Rxf4+ Ke7 40. Rc7 Re6 41. Rcxc4 Nb6 42. Rce4 Nd5 43. Rxe6+ Kxe6 44. Rh4 Nxc3 45. Rxh6+ Kd5 46. bxc3 Rc1 47. Rh5+ Kd6 48. Rf5 Rxc3 49. h4 Ke6 50. Rf2 Ke5 51. g3 Ke6 52. Kh3 Ke5 53. h5 Ke4 54. Rf4+ Ke5 55. Kg4 Ra3 56. Rf3 Ra8 57. Rf5+ Ke6 58. Rf4 Rg8+ 59. Kh4 Ke5 60. Rf3 Ke4 61. Rf7 Ke5 62. g4 Ke4 63. g5 Ke5 64. Rf3 1-0

[Event "Mittelfranken-ch HT 49th"]
[Site "Ansbach"]
[Date "2000.??.??"]
[Round "2"]
[White "Stephan, Jan"]
[Black "Braginsky, Alexej"]
[Result "1-0"]
[WhiteElo "2007"]
[BlackElo "2092"]
[PlyCount "95"]
[EventDate "2000.04.18"]
[EventType "swiss"]
[EventRounds "9"]
[EventCountry "GER"]
[SourceTitle "EXT 2011"]
[Source "ChessBase"]
[SourceDate "2010.11.26"]
[SourceVersion "1"]
[SourceVersionDate "2010.11.26"]
[SourceQuality "1"]

1. d4 Nf6 2. c4 g6 3. Nc3 d5 4. cxd5 Nxd5 5. e4 Nxc3 6. bxc3 Bg7 7. Bc4 0-0 8. Ne2 c5 9. 0-0 Qc7 10. Bb3 Rd8 11. Be3 Nc6 12. Rc1 b5 13. Qe1 e6 14. Kh1 Bb7 15. f4 cxd4 16. cxd4 Qd7 17. Qf2 Nb4 18. Qf3 a5 19. a3 a4 20. Bxe6 Qxe6 21. axb4 Bxe4 22. Qf2 Re8 23. Nc3 Bd3 24. Rfe1 Qb3 25. Qd2 Bc4 26. Rb1 Qa3 27. Bg1 Bf8 28. Ne4 Kg7 29. d5 Qd3 30. Qb2+ Kh6 31. Re3 Qxe3 32. Bxe3 Rxe4 33. Re1 a3 34. f5+ Rxe3 35. Qd2 Rae8 36. Rxe3 Bxb4 37. Qxb4 Rxe3 38. Qd2 a2 39. Qxe3+ Kh5 40. Qd4 Bxd5 41. f6 g5 42. Kg1 b4 43. Kf2 Kg6 44. g3 b3 45. Ke3 Kh6 46. h4 b2 47. Qe5 gxh4 48. gxh4 1-0

[Event "Landesliga Nord 9899"]
[Site "Bayern"]
[Date "1999.03.14"]
[Round "6.7"]
[White "Braginsky, Alexej"]
[Black "Berreth, Marc"]
[Result "0-1"]
[WhiteElo "1920"]
[BlackElo "2080"]
[PlyCount "90"]
[EventDate "1998.10.11"]
[EventType "team-tourn"]
[EventRounds "9"]
[EventCountry "GER"]
[SourceTitle "EXT 2020"]
[Source "ChessBase"]
[SourceDate "2019.10.17"]
[SourceVersion "1"]
[SourceVersionDate "2019.10.17"]
[SourceQuality "1"]
[WhiteTeam "Fuerth SF"]
[BlackTeam "Bamberg SC II"]
[WhiteTeamCountry "GER"]
[BlackTeamCountry "GER"]

1. e4 e6 2. d4 d5 3. Be3 dxe4 4. Nd2 Nf6 5. f3 Nd5 6. Qe2 c5 7. dxc5 Qa5 8. c3 Nxe3 9. Qxe3 Bxc5 10. Qxe4 Bxg1 11. Rxg1 Qb6 12. 0-0-0 Nd7 13. Nc4 Qxg1 14. Nd6+ Ke7 15. Qf4 f6 16. Nxc8+ Rhxc8 17. Qd6+ Kf7 18. Qxd7+ Kg8 19. Qxe6+ Kh8 20. Ba6 Qxg2 21. Bxb7 Rab8 22. Rd2 Qg1+ 23. Kc2 Re8 24. Qf7 Qb6 25. Rd7 Re2+ 26. Kd3 Rg2 27. f4 Qb5+ 28. c4 Qf5+ 29. Ke3 Rg4 30. Rd4 Rh4 31. Qe7 Rh3+ 32. Bf3 Qa5 33. b4 Qa3+ 34. Kd2 Qb2+ 35. Ke3 Rxf3+ 36. Kxf3 Qxd4 37. Qc7 Re8 38. Qc6 Qd3+ 39. Kg4 h5+ 40. Kh4 Qg6 41. h3 Re3 42. Qd7 Kh7 43. c5 Qg3+ 44. Kxh5 Qg6+ 45. Kh4 Qh6+ 0-1

[Event "Landesliga Nord 9899"]
[Site "Bayern"]
[Date "1999.02.07"]
[Round "5.7"]
[White "Gernert, Ingolf"]
[Black "Braginsky, Alexej"]
[Result "1/2-1/2"]
[WhiteElo "1985"]
[BlackElo "1920"]
[PlyCount "140"]
[EventDate "1998.10.11"]
[EventType "team-tourn"]
[EventRounds "9"]
[EventCountry "GER"]
[SourceTitle "EXT 2020"]
[Source "ChessBase"]
[SourceDate "2019.10.17"]
[SourceVersion "1"]
[SourceVersionDate "2019.10.17"]
[SourceQuality "1"]
[WhiteTeam "Kitzingen SC"]
[BlackTeam "Fuerth SF"]
[WhiteTeamCountry "GER"]
[BlackTeamCountry "GER"]

1. e4 e6 2. d3 c5 3. g3 Nc6 4. Bg2 d6 5. Ne2 g6 6. Bd2 Bg7 7. Qc1 Qb6 8. Bc3 Nd4 9. Nd2 Nxe2 10. Kxe2 Bxc3 11. bxc3 e5 12. Nc4 Qa6 13. Ne3 Ne7 14. h4 Be6 15. c4 Qa4 16. Qb2 Rb8 17. f4 Nc6 18. c3 a6 19. f5 Bd7 20. Qd2 Ne7 21. g4 b5 22. cxb5 axb5 23. Rab1 Bc6 24. Rb2 Kd7 25. Rhb1 f6 26. g5 gxf5 27. Bh3 Kc7 28. Bxf5 fxg5 29. hxg5 d5 30. Rf1 dxe4 31. Bxe4 Bxe4 32. dxe4 Qxe4 33. Rf7 Rhe8 34. Qd5 Qxd5 35. Nxd5+ Kd6 36. Nf6 Ke6 37. Rxh7 Red8 38. Ne4 Kd5 39. Kf3 Ng6 40. Rd2+ Kc4 41. Rc7 Rxd2 42. Rxc5+ Kd3 43. Rd5+ Kc4 44. Rxd2 Rf8+ 45. Ke3 Rf4 46. Rd7 Nh4 47. Rc7+ Kd5 48. Rc5+ Ke6 49. Nd2 Nf5+ 50. Ke2 Nd6 51. Nf3 Rf5 52. g6 Ne4 53. Rc8 Ng3+ 54. Ke3 Nh5 55. Rc5 Nf6 56. Rxb5 Ng4+ 57. Ke2 Kf6 58. Rb7 e4 59. Rf7+ Kxg6 60. Nh4+ Kxf7 61. Nxf5 Ke6 62. Ng3 Kd5 63. a4 Ne5 64. Kd2 Nc4+ 65. Kc2 Nd6 66. Kb3 Kc5 67. Nf1 Nf5 68. Kc2 Kb6 69. Nd2 Ka5 70. Nxe4 Kxa4 1/2-1/2